[Event "SuperChess Cup Blitz 2019"]
[Site "Bucharest"]
[Date "2019.11.10"]
[Round "17.5"]
[White "David, Alexandru-Vasile"]
[Black "Miron, Lucian-Costin"]
[Result "1-0"]
[WhiteElo "2361"]
[BlackElo "2432"]
[Annotator "TA"]
[PlyCount "47"]
[EventDate "2019.11.06"]
[EventType "tourn"]
[EventCountry "ROU"]
[SourceTitle "playchess.com"]
[Source "ChessBase"]
[SourceQuality "1"]

{[%evp 9,47,-25,-23,-24,-13,-26,-23,-31,-51,-125,40,-93,0,0,-8,0,270,282,225,247,559,540,863,847,1128,1084,29989,29988,29990,29989,29992,29993,29993,29992,29992,961,29998,29999,29999,29999]} 1. d4 d5 2. c4 c6 3. Nc3 Nf6 4. Nf3 dxc4 5. e4 b5 $1 6. Be2 {D15: Slav Defence: 4 Nc3 a6 and gambit lines after 4 Nc3 dxc4} e6 (6... b4 7. e5 bxc3 8. exf6 exf6 9. bxc3 Bd6 10. O-O O-O 11. Nd2 Re8 12. Re1 Nd7 13. Nxc4 Bc7 {1-0 (44) Carlsen,M (2875)-Yu,Y (2738) Stavanger 2019}) 7. O-O Bb7 8. d5 {Black has an edge.} exd5 9. e5 $146 {[#]} ({White should try} 9. exd5 $15 cxd5 10. Nxb5) ({Predecessor:} 9. exd5 Nxd5 10. Qd4 Nxc3 11. Qxc3 Qf6 12. Qxf6 gxf6 {0-1 (48) Manis,J (1536)-Oliveira,R (1740) IECC email 2005}) 9... Ne4 $2 (9... Nfd7 $1 $17 {White must now prevent ...Na6.} 10. Re1 Bc5) 10. e6 {[#]} (10. Nxe4 $14 {was forced to keep a grip.} dxe4 11. Qxd8+ Kxd8 12. Ng5) 10... Nxc3 ({But not} 10... fxe6 $6 11. Nxe4 dxe4 12. Qxd8+ Kxd8 13. Rd1+ Ke8 14. Ng5 $11) (10... Nc5 $1 $17 {[%cal Rc5e6]} 11. exf7+ Kxf7 12. Ne5+ Kg8) 11. exf7+ Kxf7 12. bxc3 Bd6 $2 {[%mdl 8192]} (12... Nd7 $11 {and Black is okay.}) 13. Ng5+ $18 Kg8 {Threatens to win with ...h6.} 14. Bg4 Qf6 $2 (14... Nd7 {is tougher.}) 15. Re1 {Re8+ is the strong threat.} Na6 16. Re6 Qxc3 17. Rxd6 {And now Qe2! would win.} Qxa1 18. Be6+ Kf8 19. Rd7 Ke8 20. Qe1 Qf6 21. Rxb7 Nc5 22. Rf7 (22. Bh3+ $142 Qe6 23. Nxe6 Nxb7 24. Bg5 h6 25. Nf4+ Kf8 26. Qe6 g6 27. Bf6 Rh7 28. Nxg6#) 22... Nd3 {[#]} 23. Bd7+ $1 {[%mdl 512]} Kd8 24. Ne6+ {Accuracy: White = 52%, Black = 24%.} 1-0

[Event "SuperChess Cup Blitz 2019"]
[Site "Bucharest"]
[Date "2019.11.10"]
[Round "18.1"]
[White "Gavrilescu, David"]
[Black "David, Alexandru-Vasile"]
[Result "1-0"]
[WhiteElo "2274"]
[BlackElo "2361"]
[Annotator "TA"]
[PlyCount "97"]
[EventDate "2019.11.06"]
[EventType "tourn"]
[EventCountry "ROU"]
[SourceTitle "playchess.com"]
[Source "ChessBase"]
[SourceQuality "1"]

{[%evp 9,97,19,25,17,11,13,14,9,12,8,9,15,20,20,14,5,31,10,38,14,14,3,3,11,12,15,56,-29,7,0,156,108,126,116,129,129,114,54,54,54,46,54,68,68,68,68,68,68,68,68,68,0,64,0,62,0,59,0,0,0,62,29,47,39,58,54,85,53,221,70,331,330,12835,12835,5727,12830,12839,12839,12837,12531,12828,10505,29977,12838,29992,29991,29995,29995,29996,1754]} 1. e4 c5 2. Nf3 Nc6 3. Bb5 g6 4. O-O Bg7 5. Nc3 e5 6. a3 {B31: Sicilian: 2...Nc6 3 Bb5 g6} (6. d3 Nge7 7. Bc4 O-O 8. a3 d6 9. h3 h6 10. b4 Kh7 11. bxc5 dxc5 12. Rb1 b6 13. Nd5 Be6 14. Nxe7 Qxe7 {1-0 (55) Le,Q (2737)-Dubov,D (2694) Caleta 2018}) 6... Nge7 7. b4 d6 8. bxc5 {The position is equal.} dxc5 9. d3 O-O 10. Bc4 h6 11. a4 b6 12. h3 $146 ({Predecessor:} 12. Nd5 Rb8 13. Rb1 Kh7 {1-0 (49) Gavrilescu,D (2467)-Gordievsky,D (2603) Skopje 2019}) 12... Kh8 13. Nd5 f5 14. Nxe7 Qxe7 15. Bd5 $36 {[%mdl 2048] White is pushing.} Bd7 16. Re1 Qd6 17. Bb2 f4 18. c4 (18. c3 $14) 18... g5 19. a5 g4 $2 (19... Nxa5 $11 20. Bxa8 Rxa8) 20. hxg4 Bxg4 21. axb6 axb6 22. Rxa8 Rxa8 {[#]} 23. Bxc6 (23. Ng5 $1 $16 {[%cal Rg5f7]} Qxd5 24. Qxg4 (24. exd5 Bxd1 25. Nf7+ Kg8 $11)) 23... Bxf3 $1 $14 24. Qxf3 Qxc6 25. Qh5 Qd6 26. Ra1 Rxa1+ 27. Bxa1 Kh7 28. Qf5+ Kg8 29. Qc8+ Kf7 30. Qf5+ (30. Qb7+ $14 Kg6 31. Qc8) 30... Bf6 ({Black should try} 30... Kg8 $11) 31. Qh7+ (31. Kh2 $14) 31... Ke6 (31... Bg7 $1 $11) 32. Qf5+ Kf7 33. Qh7+ (33. Kh2 $14) 33... Bg7 34. Qf5+ Ke8 (34... Bf6 $11) 35. Qh3 Ke7 36. Bc3 Kd8 37. Kh2 Kc7 38. Qg4 Bf8 $2 ({Better is} 38... Bh8 $14) 39. Qg8 $2 (39. Qf5 $18 Bg7 40. Qf7+ Qd7 41. Qxd7+ Kxd7 42. g3) 39... Kb7 $2 {[%mdl 8192]} (39... Qf6 $14) 40. Qf7+ $18 Ka6 $2 (40... Be7 41. Qg7 Qf6 42. Bxe5 Qxg7 43. Bxg7 Bg5) 41. Qe8 {[%cal Re8a8]} Kb7 42. Bxe5 Qe7 43. Qb8+ Ka6 44. Qa8+ Qa7 45. Qxf8 {[%mdl 64] Double Attack} Ka5 46. Qxf4 (46. Qe8 $142 Ka6 47. Bxf4 Kb7 48. Qd7+ Ka6 {[#]} 49. Qc6 $1 {[%mdl 512]} h5 50. Bd6 h4 51. Bc7) 46... Ka4 47. Qc1 {White mates.} Kb3 48. Qb2+ Ka4 49. Qa2+ {Accuracy: White = 35%, Black = 35%.} (49. Bc3 $142 Qc7+ 50. g3 Qxg3+ 51. fxg3 h5 52. Qa2#) 1-0

[Event "SuperChess Cup Blitz 2019"]
[Site "Bucharest"]
[Date "2019.11.10"]
[Round "18.2"]
[White "Miron, Lucian-Costin"]
[Black "Istratescu, Andrei"]
[Result "0-1"]
[WhiteElo "2432"]
[BlackElo "2604"]
[Annotator "ChessBase"]
[PlyCount "144"]
[EventDate "2019.11.06"]
[EventType "tourn"]
[EventCountry "ROU"]
[SourceTitle "playchess.com"]
[Source "ChessBase"]
[SourceQuality "1"]
[TimeMode "Bronstein"]
[TimeControl "300+3"]

1. d4 {[%emt 0:00:00]} g6 {[%emt 0:00:00]} 2. c4 {[%emt 0:00:00]} Bg7 {[%emt 0:00:00]} 3. Nf3 {[%emt 0:00:00]} c5 {[%emt 0:00:01]} 4. d5 {[%emt 0:00:02]} d6 {[%emt 0:00:25]} 5. Nc3 {[%emt 0:00:02]} Bxc3+ {[%emt 0:00:05]} 6. bxc3 {[%emt 0:00:02]} f5 {[%emt 0:00:03]} 7. Qc2 {[%emt 0:00:28]} Nf6 {[%emt 0:00:09]} 8. Bh6 {[%emt 0:00:03]} Qa5 {[%emt 0:00:18]} 9. Nd2 {[%emt 0:00:13]} Nbd7 {[%emt 0:00:15]} 10. f3 {[%emt 0:00:11]} Nb6 {[%emt 0:00:37]} 11. e3 {[%emt 0:00:26]} Rg8 {[%emt 0:00:14]} 12. h4 {[%emt 0:00:18]} e5 {[%emt 0:00:24]} 13. dxe6 {[%emt 0:00:43]} Bxe6 {[%emt 0:00:03]} 14. Bg5 {[%emt 0:00:03]} Nh5 {[%emt 0:00:17]} 15. Bd3 {[%emt 0:00:09]} Qa4 {[%emt 0:00:10]} 16. Qb3 {[%emt 0:00:14]} Kd7 {[%emt 0:00:20]} 17. Kf2 {[%emt 0:00:10]} Rae8 {[%emt 0:00:14]} 18. Rhd1 {[%emt 0:00:03]} Kc7 {[%emt 0:00:06]} 19. Rab1 {[%emt 0:00:08]} Rgf8 {[%emt 0:00:09]} 20. Kg1 {[%emt 0:00:10]} Qxb3 {[%emt 0:00:06]} 21. axb3 {[%emt 0:00:03]} Nf6 {[%emt 0:00:16]} 22. Nf1 {[%emt 0:00:12]} Nfd7 {[%emt 0:00:03]} 23. Be2 {[%emt 0:00:11]} Ne5 {[%emt 0:00:03]} 24. Ng3 {[%emt 0:00:04]} Nbd7 {[%emt 0:00:12]} 25. Bf1 {[%emt 0:00:15]} Nf7 {[%emt 0:00:04]} 26. Bf4 {[%emt 0:00:03]} Nfe5 {[%emt 0:00:16]} 27. Ne2 {[%emt 0:00:06]} Nb8 {[%emt 0:00:12]} 28. Bg3 {[%emt 0:00:07]} Nbc6 {[%emt 0:00:03]} 29. Nf4 {[%emt 0:00:03]} Bg8 {[%emt 0:00:03]} 30. Rd2 {[%emt 0:00:06]} a6 {[%emt 0:00:05]} 31. Rbd1 Rd8 32. Kf2 {[%emt 0:00:11]} Rd7 {[%emt 0:00:09]} 33. Bd3 {[%emt 0:00:17]} Nxd3+ {[%emt 0:00:09]} 34. Rxd3 {[%emt 0:00:03]} Ne5 {[%emt 0:00:06]} 35. Nd5+ {[%emt 0:00:09]} Kb8 {[%emt 0:00:19]} 36. R3d2 {[%emt 0:00:03]} Ka7 {[%emt 0:00:27]} 37. Nf4 {[%emt 0:00:53]} Rfd8 {[%emt 0:00:03]} 38. Nd3 {[%emt 0:00:03]} Nxd3+ {[%emt 0:00:03]} 39. Rxd3 {[%emt 0:00:03]} d5 {[%emt 0:00:03]} 40. Bf4 {[%emt 0:00:06]} Be6 {[%emt 0:00:03]} 41. Bg5 {[%emt 0:00:03]} dxc4 {[%emt 0:00:03]} 42. Rxd7 {[%emt 0:00:07]} Rxd7 {[%emt 0:00:03]} 43. Rxd7 {[%emt 0:00:04]} Bxd7 {[%emt 0:00:03]} 44. bxc4 Be6 45. e4 {[%emt 0:00:07]} fxe4 {[%emt 0:00:03]} 46. fxe4 {[%emt 0:00:03]} Bxc4 {[%emt 0:00:03]} 47. Ke3 {[%emt 0:00:04]} Kb6 {[%emt 0:00:03]} 48. Bf6 {[%emt 0:00:03]} Kc6 {[%emt 0:00:03]} 49. Bd8 {[%emt 0:00:03]} b6 {[%emt 0:00:03]} 50. Kd2 {[%emt 0:00:03]} a5 {[%emt 0:00:03]} 51. Kc2 {[%emt 0:00:03]} a4 {[%emt 0:00:03]} 52. Kb2 {[%emt 0:00:03]} b5 {[%emt 0:00:03]} 53. Be7 {[%emt 0:00:04]} Bd3 {[%emt 0:00:05]} 54. e5 {[%emt 0:00:03]} Kd5 {[%emt 0:00:03]} 55. Bd6 {[%emt 0:00:03]} h6 {[%emt 0:00:03]} 56. g3 {[%emt 0:00:03]} g5 {[%emt 0:00:03]} 57. hxg5 {[%emt 0:00:03]} hxg5 {[%emt 0:00:03]} 58. Ka3 {[%emt 0:00:03]} g4 {[%emt 0:00:03]} 59. Kb2 {[%emt 0:00:03]} Kc4 {[%emt 0:00:03]} 60. Ka3 {[%emt 0:00:03]} Bf5 {[%emt 0:00:03]} 61. Be7 {[%emt 0:00:04]} Bd7 {[%emt 0:00:03]} 62. Bd6 {[%emt 0:00:03]} Kd5 {[%emt 0:00:03]} 63. Be7 {[%emt 0:00:03]} b4+ {[%emt 0:00:03]} 64. cxb4 {[%emt 0:00:03]} c4 {[%emt 0:00:03]} 65. Bd6 {[%emt 0:00:03]} Kd4 {[%emt 0:00:03]} 66. b5 {[%emt 0:00:03]} Bxb5 {[%emt 0:00:03]} 67. Kb4 {[%emt 0:00:03]} Be8 {[%emt 0:00:03]} 68. e6 {[%emt 0:00:05]} c3 {[%emt 0:00:03]} 69. Bf4 {[%emt 0:00:03]} Kd3 {[%emt 0:00:03]} 70. Ka3 {[%emt 0:00:03]} Kc2 {[%emt 0:00:03]} 71. Ka2 {[%emt 0:00:03]} Kd1 {[%emt 0:00:03]} 72. Ka3 {[%emt 0:00:03]} c2 {[%emt 0:00:03]} 0-1

[Event "SuperChess Cup Blitz 2019"]
[Site "Bucharest"]
[Date "2019.11.10"]
[Round "18.4"]
[White "Parligras, Mircea-Emilian"]
[Black "Georgescu, Tiberiu-Marian"]
[Result "1/2-1/2"]
[WhiteElo "2458"]
[BlackElo "2373"]
[Annotator "TA"]
[PlyCount "39"]
[EventDate "2019.11.06"]
[EventType "tourn"]
[EventCountry "ROU"]
[SourceTitle "playchess.com"]
[Source "ChessBase"]
[SourceQuality "1"]

{[%evp 22,39,0,-40,-14,-21,0,-18,0,0,0,0,4,-55,-57,-62,-51,-58,-40,-147]} 1. Nf3 d5 2. e3 Nf6 3. c4 e6 4. b3 Be7 5. Bb2 b6 6. Nc3 Bb7 7. d4 O-O 8. Bd3 c5 9. O-O cxd4 10. exd4 Nc6 11. Rc1 Rc8 12. Qe2 Re8 {E14: Queen's Indian: Classical Variation (4 e3)} (12... dxc4 13. bxc4 Nb4 14. Ne5 Nxd3 15. Qxd3 Qd6 16. Rfd1 Rfd8 17. Qe2 Bf8 18. f4 Qe7 19. a4 Qe8 20. Qc2 Nh5 21. Ne2 {½-½ (55) Krasenkow,M (2614)-Svane,R (2549) Warsaw 2016}) 13. Rfd1 g6 14. h3 Bf8 {The position is equal.} 15. Qe3 Bg7 16. Be2 Ne7 17. Ne5 $146 (17. g4 $1 $11) ({Predecessor:} 17. g4 Ne4 18. Ne5 f6 19. Nf3 Qd6 20. Bd3 {½-½ (20) Votruba,P (2320)-Boensch,U (2410) Budapest 1982}) 17... Nf5 {Black is slightly better.} 18. Qd3 dxc4 19. bxc4 Nd7 20. Nf3 ({White should try} 20. Ne4 $15) 1/2-1/2

[Event "SuperChess Cup Blitz 2019"]
[Site "Bucharest"]
[Date "2019.11.10"]
[Round "18.5"]
[White "Peptan, Corina-Isabela"]
[Black "Deac, Bogdan-Daniel"]
[Result "0-1"]
[WhiteElo "2334"]
[BlackElo "2544"]
[Annotator "RC"]
[PlyCount "78"]
[EventDate "2019.11.06"]
[EventType "tourn"]
[EventCountry "ROU"]
[SourceTitle "playchess.com"]
[Source "ChessBase"]
[SourceQuality "1"]
[TimeMode "Bronstein"]
[TimeControl "300+3"]

1. d4 {[%emt 0:00:00]} d5 {[%emt 0:00:00]} 2. Nf3 {[%emt 0:00:00]} e6 {[%emt 0:00:04]} 3. c4 {[%emt 0:00:00]} Nf6 {[%emt 0:00:17]} 4. Nc3 {[%emt 0:00:00]} Nbd7 {[%emt 0:00:11]} 5. cxd5 {[%emt 0:00:18]} exd5 {[%emt 0:00:03]} 6. Bg5 {[%emt 0:00:03]} c6 {[%emt 0:00:05]} 7. e3 {[%emt 0:00:03]} h6 {[%emt 0:00:03]} 8. Bh4 {[%emt 0:00:04]} g5 {[%emt 0:00:03]} 9. Bg3 {[%emt 0:00:03]} Nh5 {[%emt 0:00:03]} 10. Bd3 {[%emt 0:00:16]} Nxg3 {[%emt 0:00:03]} 11. hxg3 {[%emt 0:00:03]} Bg7 {[%emt 0:00:03]} 12. Qe2 {[%emt 0:00:28]} Qe7 {[%emt 0:00:10]} 13. Rd1 {[%emt 0:00:12]} Nb6 {[%emt 0:00:13]} 14. Bb1 {[%emt 0:00:45]} Bg4 {[%emt 0:00:25]} 15. e4 {[%emt 0:01:07]} dxe4 {[%emt 0:00:10]} 16. Qxe4 {[%emt 0:00:03]} Qxe4+ {[%emt 0:00:10]} 17. Bxe4 {[%emt 0:00:06]} O-O-O {[%emt 0:00:13]} 18. Ne2 {[%emt 0:00:28]} Rhe8 {[%emt 0:00:09]} 19. Bd3 {[%emt 0:00:03]} Bxf3 {[%emt 0:00:38]} 20. gxf3 {[%emt 0:00:04]} Bxd4 {[%emt 0:00:12]} 21. b3 {[%emt 0:00:12]} Bg7 {[%emt 0:00:47]} 22. Kf1 {[%emt 0:00:36]} Kc7 {[%emt 0:00:14]} 23. g4 {[%emt 0:00:24]} Nd5 {[%emt 0:00:03]} 24. Bc2 {[%emt 0:00:15]} Nb4 {[%emt 0:00:14]} 25. Rxd8 {[%emt 0:00:09]} Rxd8 {[%emt 0:00:03]} 26. Bb1 {[%emt 0:00:05]} Rd2 {[%emt 0:00:32]} 27. Ng3 {[%emt 0:00:07]} Nxa2 {[%emt 0:00:03]} 28. Bxa2 {[%emt 0:00:08]} Rxa2 {[%emt 0:00:03]} 29. Kg2 {[%emt 0:00:03]} Rb2 {[%emt 0:00:34]} 30. Nf5 {[%emt 0:00:03]} Bf8 {[%emt 0:00:03]} 31. Nxh6 {[%emt 0:00:03]} Bc5 {[%emt 0:00:18]} 32. Rf1 {[%emt 0:00:03]} f6 {[%emt 0:00:04]} 33. Ng8 {[%emt 0:00:04]} Bd4 {[%emt 0:00:03]} 34. Ne7 {[%emt 0:00:05]} Rxb3 {[%emt 0:00:04]} 35. Rd1 {[%emt 0:00:03]} c5 {[%emt 0:00:06]} 36. Nf5 {[%emt 0:00:03]} a5 {[%emt 0:00:05]} 37. Nxd4 {[%emt 0:00:03]} cxd4 {[%emt 0:00:03]} 38. Rxd4 {[%emt 0:00:03]} b5 {[%emt 0:00:03]} 39. f4 Rb4 0-1